[Event "22nd Alekhine FIDE 2018"]
[Site "Voronezh"]
[Date "2018.06.19"]
[Round "8"]
[White "Peschansky, Mikhail"]
[Black "Nakonechny, Ignat"]
[Result "1/2-1/2"]
[WhiteElo "2137"]
[BlackElo "1890"]
[Annotator "TA"]
[PlyCount "155"]
[EventDate "2018.??.??"]
[EventType "swiss"]
[EventCountry "RUS"]
[SourceTitle "playchess.com"]
[Source "ChessBase"]
[SourceQuality "1"]

{[%evp 11,155,14,45,-22,-6,-10,0,-10,-8,-29,0,-20,-11,-20,23,13,34,35,52,28,55,60,44,0,7,0,73,60,84,84,84,87,84,85,99,99,141,106,91,84,84,84,84,84,84,84,84,84,85,84,84,84,84,84,84,84,84,84,84,84,84,84,84,84,125,105,95,116,109,62,62,56,80,64,56,0,80,80,80,80,80,80,80,82,88,77,80,78,91,102,123,111,125,88,79,63,147,142,141,121,130,66,115,115,99,34,29,0,0,0,0,0,0,0,0,0,0,0,0,0,0,0,0,0,0,0,0,0,0,0,0,0,0,0,55,0,11,0,0,0,0,0,0,0,0,0]} 1. c4 e5 2. Nc3 d6 3. g3 g6 4. Bg2 Bg7 5. e3 c6 6. Nge2 {A21: English Opening: 1...e5 2 Nc3} Be6 {LiveBook: 8 Games} 7. Qa4 (7. b3 $14) (7. b3 Ne7 8. d4 d5 9. cxd5 cxd5 10. dxe5 Bxe5 11. Bb2 Nbc6 12. Qd2 O-O 13. Rd1 Qa5 {1-0 (45) Bacrot,E (2712)-Krasenkow,M (2614) Trzcianka 2015}) 7... Nd7 $11 {Black wants to play ...Nc5.} 8. d3 Ne7 $146 ({Predecessor:} 8... f5 9. Rb1 Ngf6 10. O-O O-O 11. b4 a6 12. Qc2 Rc8 13. Ba3 b5 {0-1 (37) Belmonte,D (2209)-Perez Ponsa,F (2390) Buenos Aires 2009}) 9. O-O O-O 10. Ne4 Nc5 (10... d5 {is interesting.} 11. Ng5 Bg4 12. f3 Nb6 13. Qc2 Bc8) 11. Qc2 Nxe4 12. dxe4 Qb6 13. b3 Rfd8 14. a4 {[%cal Ba2a4,Ba4a5][%mdl 32]} d5 15. Ba3 Bf6 16. a5 $36 {[%mdl 2048] White is more active.} Qa6 {[%cal Rd5c4]} 17. Rfc1 dxc4 18. bxc4 Rd7 (18... Bxc4 $11 {keeps the balance.} 19. Nc3 Bd3) 19. Bf1 c5 20. Bxc5 Rc8 21. Bxe7 $1 Bxe7 22. Nc3 Rc5 23. Nd5 f5 24. Rd1 Bxd5 25. exd5 e4 26. Qa4 Qd6 27. Rab1 Qc7 28. Rb5 Bd6 29. Rdb1 Qc8 30. Rxc5 Bxc5 31. Qa1 Kf7 32. Rb5 a6 33. Rb3 h5 34. Qe5 Qe8 35. Qb2 Qe7 36. Be2 Ke8 37. Kg2 Kd8 38. Qh8+ Qe8 39. Qf6+ Kc8 40. Bd1 Qf7 $1 {[%cal Rf7f6]} 41. Qh8+ Qf8 42. Qe5 Qe7 43. Qh8+ Qf8 $1 {[%cal Rf8h8]} 44. Qxf8+ Bxf8 $16 {[%mdl 4096] Endgame KRB-KRB} 45. f3 Bc5 46. fxe4 fxe4 47. Bc2 Re7 48. Kf2 Kc7 49. Ke2 Kd6 50. Rb1 Ke5 51. Rf1 $1 g5 52. h3 {[%cal Bh2h3,Bh3g4][%mdl 32]} Rh7 53. Rf2 Rc7 {[#]} (53... Rh8 $14) 54. g4 $1 hxg4 55. hxg4 {And now Rf5+ would win.} Be7 {[#]} 56. Bb3 ({Better is} 56. Rf5+ $1 $16 Kd6 57. Bxe4) 56... Rc5 57. Rf7 Kd6 58. Rg7 ({White should play} 58. Kd2 $16) 58... Rxa5 $14 59. Rg6+ Kc5 60. Re6 Bd6 61. Rxe4 Ra3 62. Bc2 $1 b5 63. cxb5 axb5 64. Rd4 Be5 65. Rd1 b4 66. Rb1 Kc4 67. Kf3 Bd6 68. Ke4 Bc5 69. Re1 Kc3 70. Bd3 Kd2 $1 {[%cal Rd2e1]} 71. Re2+ Kd1 72. Rc2 Ra5 (72... Rc3 $11 73. Rb2 b3) 73. Rxc5 Rxc5 {The position is equal.} 74. d6 Rc8 $1 75. d7 Rd8 76. Bb5 {aiming for Kd3.} b3 77. Ba4 Rxd7 {Hoping for ...Rb7.} 78. Bxb3+ {Precision: White = 73%, Black = 61%.} 1/2-1/2

[Event "22nd Alekhine FIDE 2018"]
[Site "Voronezh"]
[Date "2018.06.19"]
[Round "8"]
[White "Kolomensky, Vladimir"]
[Black "Abramov, Ilya"]
[Result "1/2-1/2"]
[WhiteElo "2120"]
[BlackElo "2089"]
[Annotator "TA"]
[PlyCount "39"]
[EventDate "2018.??.??"]
[EventType "swiss"]
[EventCountry "RUS"]
[SourceTitle "playchess.com"]
[Source "ChessBase"]
[SourceQuality "1"]

{[%evp 20,39,33,28,37,41,41,34,39,33,77,69,73,8,-2,12,222,-14,-18,-18,25,-15]} 1. e4 e6 2. d4 d5 3. Nd2 Nf6 4. e5 Nfd7 5. Bd3 c5 6. c3 b6 7. Ne2 Ba6 8. Bxa6 Nxa6 9. O-O Be7 10. Nf4 {C06: French Tarrasch: 3...Nf6 4 e5 Nfd7 5 Bd3 main lines} O-O (10... Nc7 11. Nf3 h5 12. Nh3 f6 13. exf6 gxf6 14. Re1 Kf7 15. Bf4 Nf8 16. Qd3 Bd6 17. Re2 Ng6 18. Bxd6 Qxd6 {1-0 (52) Vachier Lagrave,M (2703)-Nakamura,H (2741) Moscow 2010}) 11. Qg4 {LiveBook: 3 Games} Nc7 12. Nh5 {[%csl Gh5][%cal Rg4g7] White is slightly better.} Ne8 13. Re1 $146 ({Predecessor:} 13. Nf3 Kh8 14. Bg5 Bxg5 15. Nxg5 h6 16. Nf3 Rc8 17. Rad1 cxd4 18. Rxd4 Qc7 {1-0 (53) Comp Fritz 5-Comp Genius 5 Debrecen 1998}) 13... Kh8 14. Nf3 g6 15. Nf4 Ng7 16. h4 (16. c4 $16) 16... h5 17. Qh3 Nf5 $2 {[#]} (17... b5 $11) 18. g4 $2 (18. c4 $1 $18 {[%mdl 512]}) 18... hxg4 $11 19. Qxg4 Rg8 20. Nh3 {Precision: White = 31%, Black = 23%.} (20. c4 $5) 1/2-1/2

[Event "22nd Alekhine FIDE 2018"]
[Site "Voronezh"]
[Date "2018.06.19"]
[Round "8"]
[White "Beldyugin, Alexey"]
[Black "Pingin, Artem"]
[Result "1-0"]
[WhiteElo "2113"]
[BlackElo "1967"]
[Annotator "TA"]
[PlyCount "143"]
[EventDate "2018.??.??"]
[EventType "swiss"]
[EventCountry "RUS"]
[SourceTitle "playchess.com"]
[Source "ChessBase"]
[SourceQuality "1"]

{[%evp 20,143,45,26,39,37,41,31,68,31,45,52,62,47,139,95,92,98,101,87,87,80,89,44,45,27,15,20,79,12,28,21,26,13,41,26,45,43,45,43,44,35,38,13,41,47,89,103,133,131,131,127,129,132,147,132,167,139,183,166,220,211,293,252,300,282,289,279,351,321,333,331,327,397,435,426,456,468,495,357,634,597,720,704,647,647,547,493,1507,1447,1342,1308,1447,1354,1064,1064,1104,936,2055,1950,1627,1018,1006,787,5591,5225,5600,5368,4631,4586,29982,29983,29983,29984,29986,29987,29987,29988,29993,29992,29994,29993,29995,29996,29997,1437]} 1. c4 e6 2. g3 d5 3. Bg2 Nf6 4. Nf3 Be7 5. b3 O-O 6. Bb2 c5 7. cxd5 exd5 8. O-O Nc6 9. d4 cxd4 10. Nxd4 Be6 11. Nc3 Qd7 {D34: Tarrasch Defence: 6 g3 Nf6 7 Bg2 Be7} 12. Nxe6 fxe6 13. e3 $146 ({Predecessor:} 13. Qd3 Rad8 14. Rad1 Rfe8 15. e3 Bf8 16. h3 Qf7 17. g4 d4 18. Ne4 Nxe4 19. Qxe4 dxe3 20. Qxe3 {1-0 (34) Arizmendi Martinez,J (2498)-Corona Gentil,J (2136) Valencia 2009}) 13... Rac8 {White is slightly better.} 14. Qd2 Qe8 15. Rac1 Ng4 16. Qe2 Nge5 (16... Qh5 $14 17. h3 Nf6) 17. Nb5 a6 18. Nd4 Qg6 19. Nxc6 Nxc6 20. Rfd1 Bf6 21. Bxf6 Qxf6 22. Rd2 Nd4 23. Qd1 Nb5 (23... Nf3+ $11 {keeps the balance.} 24. Bxf3 Rxc1 25. Qxc1 Qxf3) 24. Rdc2 (24. Rxc8 $16 Rxc8 25. a4) 24... Rc6 (24... Nd6 {keeps more tension.} 25. f4 Rxc2 26. Rxc2 g6 27. Bf3 Rf7) 25. Qd2 (25. Bh3 {with more complications.} Na7 26. Rd2 Rxc1 27. Qxc1 Nc6 28. f4) 25... Rxc2 26. Rxc2 Qa1+ 27. Rc1 Qe5 28. f4 Qd6 29. a4 $36 {[%mdl 2048] White has the initiative.} Na7 30. Qd4 Nc6 31. Qc5 Qd7 32. Rd1 Rc8 {[#]} 33. f5 $1 {[%mdl 512]} Ne7 (33... exf5 34. Qxd5+) 34. fxe6 Qxe6 35. Bxd5 Nxd5 36. Qxd5 Qxd5 37. Rxd5 $16 {[%mdl 4096] Endgame KR-KR} Rc7 38. Kf2 Kf7 {[#]} 39. Rd6 $1 Ke7 {[#]} (39... Rc2+ {keeps fighting.} 40. Kf3 Rc7) 40. Rb6 $1 $18 Rd7 41. h4 Kd8 42. b4 Kc7 43. a5 Rf7+ 44. Ke2 Re7 45. g4 Re8 46. h5 Re7 47. h6 gxh6 48. Rxh6 Kc8 49. Rf6 Kc7 $2 (49... Re4 50. Rf4 Re7) 50. Kf3 Kd8 51. Kf4 Rc7 52. e4 Ke7 53. g5 Rc1 (53... h5 $142 54. Ke5 Ke8) 54. Rh6 Rf1+ 55. Ke5 Rf7 56. Re6+ Kd7 57. Rf6 Rg7 58. Kf5 Ke7 59. e5 {[%cal Be4e5,Be5e6][%mdl 32]} Ke8 60. Rh6 Rf7+ 61. Ke4 Rd7 62. e6 Rg7 63. Kf5 Ke7 64. Rh4 Ke8 65. Rc4 {White mates.} Kd8 66. Kf6 Re7 {[#]} 67. Rc8+ $1 {[%mdl 512]} Kxc8 68. Kxe7 h6 69. gxh6 {[%cal Bg5h6,Bh6h7][%mdl 32]} Kb8 70. h7 b5 71. Kd7 Ka7 72. Kc7 {Precision: White = 79%, Black = 24%.} 1-0

[Event "22nd Alekhine FIDE 2018"]
[Site "Voronezh"]
[Date "2018.06.19"]
[Round "8"]
[White "Khajrutdinov, Ildar"]
[Black "Strukova, Ksenia"]
[Result "1-0"]
[WhiteElo "2106"]
[BlackElo "1994"]
[Annotator "TA"]
[PlyCount "38"]
[EventDate "2018.??.??"]
[EventType "swiss"]
[EventCountry "RUS"]
[SourceTitle "playchess.com"]
[Source "ChessBase"]
[SourceQuality "1"]

{[%evp 15,38,38,64,33,69,29,66,63,100,83,88,43,52,66,76,44,79,77,63,33,41,38,35,42,142]} 1. d4 Nf6 2. Nf3 g6 3. c4 Bg7 4. Nc3 d6 5. e4 O-O 6. Be2 c6 7. O-O Na6 8. Re1 Nc7 {LiveBook: 3 Partien. E91: Königsindisch (Klassisches System)} (8... Bg4 9. Be3 Qc7 10. a3 e5 11. d5 c5 12. Nd2 Bc8 13. b4 b6 14. Rb1 Qe7 15. Na2 Nd7 16. Nc1 {0-1 (50) Mirzoyan,D (2350)-Kovalenko,I (2642) Batumi 2018}) 9. Bf1 Rb8 10. a4 b6 $146 {Weiß hat minimalen Vorteil.} ({Vorgänger:} 10... a6 11. h3 b5 12. axb5 axb5 13. e5 Nfe8 14. cxb5 cxb5 15. Bg5 f6 16. exf6 exf6 {0-1 (40) Kragelj,I (2250)-Vavpetic,V (2220) Slovenia 1994}) 11. d5 Bd7 12. h3 a6 {[%cal Ba7a6,Ba6b5,Bb5b4][%mdl 32]} 13. e5 (13. Bg5 {seems wilder.} cxd5 14. cxd5 b5 15. axb5 axb5 16. b4) 13... dxe5 14. Nxe5 cxd5 15. cxd5 b5 16. axb5 axb5 17. Ra7 {Und Lf4 würde nun gewinnen.Weiß steht etwas besser.} b4 18. Nxd7 Nxd7 19. Bf4 Rc8 {Precision: Weiß = 41%, Schwarz = 15%.} (19... Ne5 $1 $14) 1-0

[Event "22nd Alekhine FIDE 2018"]
[Site "Voronezh"]
[Date "2018.06.19"]
[Round "8"]
[White "Lebedev, Mikhail S"]
[Black "Kazmin, Semen"]
[Result "1-0"]
[WhiteElo "2103"]
[BlackElo "1970"]
[Annotator "TA"]
[PlyCount "89"]
[EventDate "2018.??.??"]
[EventType "swiss"]
[EventCountry "RUS"]
[SourceTitle "playchess.com"]
[Source "ChessBase"]
[SourceQuality "1"]

{[%evp 19,89,24,25,-69,37,45,52,10,47,0,29,0,37,0,0,0,0,0,100,-92,-106,-154,6,-153,181,166,222,7,0,-8,99,0,0,-373,-317,-307,218,212,206,173,264,261,462,467,454,452,402,297,843,806,691,447,606,500,858,601,832,858,861,861,833,797,1209,1199,29991,29992,29992,29989,29989,29990,29990,29991]} 1. e4 e6 2. d4 d5 3. Nc3 Bb4 4. e5 c5 5. a3 Bxc3+ 6. bxc3 Qc7 7. Qg4 f5 8. Qg3 Nc6 9. Ne2 {C18: French: 3 Nc3 Bb4: Main line: 7 h4 and 7 Qg4} (9. Nf3 cxd4 10. cxd4 Nge7 11. Rb1 O-O 12. Bh6 Qa5+ 13. Bd2 Qa4 14. c3 Qc2 15. Rc1 Qe4+ 16. Be2 f4 {½-½ (117) Karjakin,S (2776)-Ivanchuk,V (2779) Monte Carlo 2011}) 9... Kf7 10. h4 Nge7 {LiveBook: 3 Games} 11. a4 $146 (11. Rb1 $11) ({Predecessor:} 11. h5 h6 12. Qf3 Qa5 13. Kd1 Qa4 14. Qf4 b6 15. Rb1 Ba6 16. Bb2 Rac8 {0-1 (27) Volokitin,A (2654)-Bajarani,U (2515) Warsaw 2015}) 11... b6 (11... cxd4 $15 12. Nxd4 Qxe5+ 13. Qxe5 Nxe5) 12. Ba3 $14 Ba6 13. h5 (13. Nf4 $5 {[%cal Rf1a6]} Bxf1 14. Kxf1 $11) 13... h6 14. Qf4 cxd4 15. Bd6 Qc8 16. Rh3 dxc3 17. Rxc3 {aiming for Bxe7.} Qd7 18. g4 Rhc8 (18... Rac8 $11) 19. Bh3 $2 (19. g5 $1 $16 {stays on course.}) 19... Kg8 $17 20. Rg3 Kh7 $2 ({Black should try} 20... fxg4 $1 $17 21. Bxg4 Bxe2 22. Kxe2 Rf8) 21. Raa3 $2 (21. gxf5 $11 Nxf5 22. Rg6) 21... Qe8 $2 (21... Bxe2 $1 $17 22. Kxe2 fxg4 23. Qxg4 Nf5) 22. gxf5 $18 {Hoping for f6.} Bxe2 ({Of course not} 22... Qxh5 $6 23. Bg4 $14) 23. Kxe2 $2 (23. f6 $1 $18 g5 24. hxg6+ Nxg6 25. Rxg6 Qxg6 26. Rg3) 23... Qxh5+ $11 24. Bg4 $132 {[%mdl 2048] White puts up resistance} Qh1 {[#]} (24... Qf7 $1 $11 {keeps the balance.}) 25. Kd2 (25. Rac3 $1 $16) 25... Na5 $1 {[%cal Ra5c4]} 26. Rh3 $2 {[%mdl 8192]} (26. Bxe7 $11 {and White is okay.} Nc4+ 27. Kd3 Nxa3 28. Bf3 Qf1+ 29. Be2 Rc3+ 30. Kxc3 Qxe2 31. Kb3 (31. Bxa3 Rc8+ 32. Kb2 Qxc2+ 33. Ka1 Qd1+ 34. Ka2 Qe2+ 35. Ka1 Rc4 $17)) 26... Qf1 27. Be2 {[#]} Nc4+ $4 {[%mdl 8192]} (27... Rxc2+ $1 $19 {[%mdl 512] and all is fine.} 28. Kxc2 Qxe2+ 29. Qd2 Rc8+ 30. Rac3 Qe4+ 31. Kb2 Rxc3 32. Rxc3 Nxf5) 28. Qxc4 $1 $18 Qxf2 29. Qd3 Nxf5 (29... Qf4+ $142 30. Qe3 Qxe3+ 31. Raxe3 Nxf5) 30. Rf3 Qh4 $2 (30... Qg2 31. Rxf5 exf5) 31. Rxf5 $1 exf5 32. Qxf5+ Kg8 33. Rh3 Qg5+ $2 (33... Qe4 34. Bd3 Qxf5 35. Bxf5 Rc4 36. Be6+ Kh7 37. Bxd5 Rd4+ 38. Rd3 Rxd5) 34. Qxg5 hxg5 35. Rg3 Kf7 36. Rxg5 g6 (36... Rd8 $142 37. Bf3 Rxd6) 37. Bd3 Rg8 38. Ke3 Rac8 39. Rg2 Rcd8 40. Kd4 Ke6 41. Rf2 {Black must now prevent Rf6+.} g5 42. Rf6+ {White mates.} Kd7 43. Rf7+ Ke8 44. Re7+ Kf8 45. Rxa7+ {Precision: White = 41%, Black = 21%.} 1-0

[Event "22nd Alekhine FIDE 2018"]
[Site "Voronezh"]
[Date "2018.06.19"]
[Round "8"]
[White "Popelyshev, Igor V"]
[Black "Tikhonov, Viacheslav"]
[Result "0-1"]
[WhiteElo "2095"]
[BlackElo "1993"]
[Annotator "NA RC"]
[PlyCount "59"]
[EventDate "2018.??.??"]
[EventType "swiss"]
[EventCountry "RUS"]
[SourceTitle "playchess.com"]
[Source "ChessBase"]
[SourceQuality "1"]
[TimeControl "5400+30"]

{[%evp 8,57,-15,-23,-14,-12,-12,0,0,-10,0,0,0,-25,32767,32767,-4,-17,-34,-68,-37,-92,-84,-94,-52,-47,32767,32767,32767,32767,32767,32767,32767,32767,32767,32767,32767,32767,32767,32767,32767,32767,32767,32767,32767,32767,32767,-235,-269,32767,32767,-323]} 1. e4 e6 2. Qe2 c5 3. g3 Nc6 4. c3 g6 5. d3 Bg7 6. Bg2 Nge7 7. f4 d6 8. Nf3 O-O 9. O-O {LiveBook: 21 Games} b6 10. Nbd2 Ba6 11. Rd1 Qd7 12. Nf1 Rad8 13. Be3 f5 14. c4 (14. Qc2 $15) 14... fxe4 15. dxe4 d5 16. Rac1 Nc8 17. e5 Qe8 18. b3 Na5 19. Bd2 Nc6 20. Bc3 h6 21. Qc2 dxc4 22. bxc4 Bxc4 23. Ne3 Bd5 24. Nxd5 exd5 25. Nh4 N8e7 26. Qb3 Qf7 27. Rc2 $2 (27. Rf1 $15) 27... g5 28. fxg5 hxg5 29. Rf1 $19 Qe6 30. Nf3 0-1

[Event "22nd Alekhine FIDE 2018"]
[Site "Voronezh"]
[Date "2018.06.19"]
[Round "8"]
[White "Yakimenko, Alexander A"]
[Black "Tverdokhleb, Aleksandr"]
[Result "1/2-1/2"]
[WhiteElo "2094"]
[BlackElo "1889"]
[Annotator "NA RC"]
[PlyCount "94"]
[EventDate "2018.??.??"]
[EventType "swiss"]
[EventCountry "RUS"]
[SourceTitle "playchess.com"]
[Source "ChessBase"]
[SourceQuality "1"]
[TimeControl "5400+30"]

1. e4 Nf6 2. d3 d5 3. Nd2 e5 4. Ngf3 Nc6 {LiveBook: 109 Games} 5. Be2 Bg4 6. c3 Be7 7. Qc2 h6 8. O-O O-O 9. Re1 Be6 10. b4 a6 11. Bb2 d4 12. a3 dxc3 13. Qxc3 Nd7 14. Rad1 a5 15. b5 Nd4 $1 16. Nxd4 exd4 17. Qc1 ({Avoid the trap} 17. Qxd4 $2 Bf6 $19) 17... Nc5 18. f4 a4 19. Nc4 Nb3 20. Qc2 Bd7 21. Nd2 Bxb5 22. e5 Nxd2 23. Qxd2 c5 24. Bf3 Qc7 25. Qf2 Bc6 26. Bg4 b5 27. f5 Bg5 28. Bc1 Qd8 29. f6 gxf6 30. e6 fxe6 31. Bxe6+ Kh8 32. h4 Bxc1 33. Rxc1 Qd6 34. Qf5 (34. Qd2) 34... Qg3 35. Bd5 $19 Bxd5 36. Qxd5 Rae8 37. Rf1 Re2 38. Qf5 Ree8 39. Qd5 Re2 40. Qc6 Rg8 41. Qxf6+ Qg7 42. Qxg7+ Rxg7 43. Rf2 Re5 44. Rf6 Kh7 45. Rb6 Re2 46. Rxc5 Rgxg2+ 47. Kf1 Rgf2+ {Ke1} 1/2-1/2

[Event "22nd Alekhine FIDE 2018"]
[Site "Voronezh"]
[Date "2018.06.19"]
[Round "8"]
[White "Ioffe, Evgeny"]
[Black "Novikov, Sergey D"]
[Result "0-1"]
[WhiteElo "2079"]
[BlackElo "2180"]
[Annotator "TA"]
[PlyCount "198"]
[EventDate "2018.??.??"]
[EventType "swiss"]
[EventCountry "RUS"]
[SourceTitle "playchess.com"]
[Source "ChessBase"]
[SourceQuality "1"]

{[%evp 19,198,7,9,-7,18,14,11,10,20,-20,-14,-10,0,0,0,0,0,0,22,22,18,21,19,14,25,0,0,0,0,0,0,0,0,-8,0,0,0,0,0,0,0,0,0,0,0,0,0,0,0,0,0,0,0,0,0,0,0,-46,0,0,0,-50,-46,-48,-13,-13,-13,-38,-13,-13,-13,-13,-13,-13,-13,-13,-14,-63,-63,-64,-54,-67,-62,-67,-67,-68,-67,-86,-16,-46,-22,-48,-13,-13,0,-48,-3,-46,-47,-56,-47,-89,-89,-89,-89,-257,-70,-160,0,-257,-257,-257,-248,-224,-145,-145,0,0,0,-138,-89,-97,-42,-42,-42,-42,-42,-42,-42,-42,-42,-42,-42,-42,-42,-80,-96,-154,-154,-154,-154,-177,-154,-177,-114,-154,-157,-177,-151,-224,-224,-2200,-1727,-588,-255,-11030,-5454,-12302,-10985,-12302,-12083,-5691,-1563,-5687,-4668,-29979,-29980,-29980,-29978,-29985,-29980,-29980,-29981,-29981,-29982,-29982,-29983,-29983,-29983,-29988,-29989]} 1. e4 {[%cal Be2e4,Be4e5][%mdl 32]} c5 2. c3 Nf6 {[%cal Bg8f6,Bf6d5,Bd5b4][%mdl 32]} 3. e5 Nd5 4. d4 cxd4 5. cxd4 d6 6. Nf3 Nc6 7. Bc4 dxe5 8. dxe5 Ndb4 9. Qxd8+ {B22: Sizilianisch (Alapin 2.c3)} Kxd8 (9... Nxd8 10. Na3 Bg4 11. Bd2 Nbc6 12. Bc3 Bxf3 13. gxf3 a6 14. Nc2 e6 15. Bd3 Rc8 16. Be4 Be7 {½-½ (42) Mamedov,R (2655)-Giri,A (2790) Shamkir 2016}) 10. Na3 {[%cal Bb1a3,Ba3b5,Bb5c7][%mdl 32]} Bg4 {LiveBook: 3 Partien} 11. O-O $146 {Die Stellung ist ausgeglichen.} ({Vorgänger:} 11. Bf4 e6 12. Ng5 Ke8 13. O-O Rd8 14. Rfe1 Nd3 15. Bxd3 Rxd3 16. Ne4 Bb4 {½-½ (36) Sebag,M (2495)-Muzychuk,A (2576) Monaco 2017}) 11... Bxf3 12. gxf3 Nxe5 13. Rd1+ Ke8 14. Be2 {[%cal Bc4e2,Be2f3,Bf3d5][%mdl 32]} (14. Bb3 {is more complex.} a6 15. f4 Nec6 16. Nc4 Rd8 17. Be3) 14... e6 15. Nb5 {Droht Sc7+ und aus.} Nd5 16. f4 Nc6 17. Bf3 a6 18. Rxd5 {Schwarz muss nun Sc7+ beachten.} exd5 19. Nc7+ Kd7 20. Nxa8 Bc5 21. Bxd5 f6 22. f5 {Und weiter mit Le6+ wäre nett.} Rxa8 23. Bf4 Rd8 24. Re1 Bd6 25. Be3 Kc7 26. Be6 Be5 27. b3 Bd4 28. Bf4+ Be5 29. Be3 Bd4 30. Bf4+ Be5 31. Be3 Nd4 32. Rc1+ Kb8 {Droht stark ...Se2+.} 33. Kg2 Nxe6 34. fxe6 $11 {[%mdl 4096] Endspiel KTL-KTL} Re8 35. f4 Bd6 36. f5 {Kf3 ist eine echte Drohung.} g6 $1 37. Rd1 Kc7 38. Rc1+ Kb8 39. Rd1 Kc7 40. Rc1+ Kd8 41. Bc5 Bxc5 (41... Ke7 {seems wilder.} 42. Bxd6+ Kxd6 43. Rd1+ Ke5 44. fxg6 hxg6 45. Rd7 Rxe6 46. Rxb7 Rd6) 42. Rxc5 gxf5 43. Rxf5 (43. Rd5+ {feels hotter.} Kc8 44. Rd6 Re7 45. Kf3 Kc7 46. Rd5) 43... Rxe6 $15 {KT-KT} (43... Ke7 {looks sharper.} 44. Rh5 Rg8+ 45. Kf3 Rg7 46. a4 Kxe6 47. a5 Rd7) 44. Kf3 Ke8 45. Rh5 Re7 46. Rh6 Rf7 47. Kf4 Kf8 48. Kf5 Kg7 $1 {[%cal Rg7h6]} 49. Rh4 Re7 50. Rg4+ Kf7 51. Rc4 Re5+ 52. Kf4 Kg6 53. a4 Re7 (53... Rd5 $17) 54. Rd4 Rc7 55. h4 Rc3 56. Rb4 $1 Rc7 57. Rd4 Kf7 58. Kf5 Rc5+ 59. Kf4 Ke6 60. Rb4 Rf5+ 61. Kg4 b5 $1 62. Rd4 $2 (62. Kg3 $17 {kämpft weiter.}) 62... Rc5 $2 (62... h5+ $19 63. Kg3 Rd5 64. Re4+ Kf5) 63. Kf4 (63. axb5 $15 Rxb5 64. b4) 63... Rf5+ (63... a5 $1 $17 64. Re4+ Kd5 65. axb5 Rxb5) 64. Kg4 $19 h5+ 65. Kg3 Rd5 66. Re4+ Re5 67. Rb4 Re3+ (67... a5 $1 $17 {[%cal Ra5b4]} 68. Rxb5 Rxb5 69. axb5 Kd6) 68. Kf2 $11 Re5 69. Kf3 (69. Kg3 $1 $11) 69... Rc5 70. axb5 Rxb5 ({Lieber} 70... Rf5+ $17 71. Kg3 Rxb5 72. Re4+ Kf5 73. Rf4+ Ke5) 71. Re4+ $1 $15 Kd5 72. b4 Rb6 73. Rf4 Ke5 74. Re4+ Kd6 75. Rf4 Ke7 76. Ke3 Re6+ 77. Kd4 {[#]} Re5 $1 78. Rf1 {[#]} (78. Kd3 $142) 78... a5 $1 $17 79. bxa5 Rxa5 80. Rh1 Ke6 81. Re1+ Kd6 ({Günstiger ist} 81... Re5 $19 82. Rg1 Re2) 82. Rh1 Ra4+ 83. Ke3 Ke5 84. Kd3 (84. Rb1 $17) 84... f5 $19 85. Kc3 $2 (85. Ke3) 85... Kf4 86. Rg1 Ra3+ (86... Ke3 $142 87. Rg3+ Ke2 88. Rg2+ Ke3 89. Rg3+ Ke2 90. Rg2+ Kf3) 87. Kd4 $2 (87. Kd2) 87... Rg3 (87... Rh3 $142 88. Kc4 Ke3 89. Re1+ Kf2) 88. Rf1+ Kg4 89. Ke5 Re3+ 90. Kd4 Re8 (90... f4 $142 91. Ra1 Kxh4) 91. Rh1 f4 {[%cal Bf5f4,Bf4f3,Bf3f2][%mdl 32]} 92. Kd3 f3 {Schwarz setzt Matt.} 93. Rg1+ Kxh4 94. Rg7 f2 95. Rf7 Kg3 96. Rg7+ Kh2 97. Rf7 Kg2 98. Rg7+ Kf1 99. Rh7 Ke1 {Precision: Weiß = 45%, Schwarz = 57%.} 0-1